[Event "GER M07-C email"]
[Site "GER email"]
[Date "2018.06.19"]
[Round "?"]
[White "Khanas, Valeriy"]
[Black "Tiemann, Christoph"]
[Result "1/2-1/2"]
[WhiteElo "2401"]
[BlackElo "2412"]
[PlyCount "61"]
[EventDate "2018.??.??"]
[EventType "tourn (corr)"]
[EventRounds "10"]
[EventCountry "GER"]
[SourceTitle "Corr 2020"]
[Source "ChessBase"]
[SourceDate "2019.09.30"]
[SourceVersion "1"]
[SourceVersionDate "2019.09.30"]
[SourceQuality "1"]

1. d4 Nf6 2. c4 g6 3. f3 d5 4. cxd5 Nxd5 5. e4 Nb6 6. Nc3 Bg7 7. Be3 0-0 8. Qd2 Nc6 9. 0-0-0 Qd6 10. Nb5 Qd7 11. Kb1 Rd8 12. d5 a6 13. Nc3 Qe8 14. Qc1 Na5 15. h4 e6 16. Bf4 Qe7 17. h5 exd5 18. hxg6 hxg6 19. Bg5 f6 20. Bh6 Be6 21. Bxg7 Qxg7 22. Nge2 dxe4 23. Nf4 Rxd1 24. Qxd1 Bf7 25. Nxe4 Nc6 26. g4 Rd8 27. Qc1 a5 28. Bb5 Nd4 29. Rd1 g5 30. Ne2 Ne6 31. N2g3 1/2-1/2

[Event "GER M07-C email"]
[Site "GER email"]
[Date "2018.06.19"]
[Round "?"]
[White "Tiemann, Christoph"]
[Black "Bochev, Krasimir"]
[Result "1-0"]
[WhiteElo "2412"]
[BlackElo "2443"]
[PlyCount "130"]
[EventDate "2018.??.??"]
[EventType "tourn (corr)"]
[EventRounds "10"]
[EventCountry "GER"]
[SourceTitle "Corr 2022"]
[Source "ChessBase"]
[SourceDate "2021.10.24"]
[SourceVersion "1"]
[SourceVersionDate "2021.10.24"]
[SourceQuality "1"]

1. e4 e5 2. Nf3 Nc6 3. Bb5 a6 4. Ba4 Nf6 5. 0-0 Be7 6. Re1 b5 7. Bb3 d6 8. c3 0-0 9. h3 Nb8 10. d4 Nbd7 11. Nbd2 Bb7 12. Bc2 Re8 13. Nf1 Bf8 14. Ng3 g6 15. a4 c5 16. d5 c4 17. Bg5 Nc5 18. Nh2 Be7 19. Be3 Qc7 20. Rf1 Bf8 21. Bg5 Bg7 22. f4 exf4 23. Rxf4 Nfd7 24. Ng4 bxa4 25. Bxa4 f6 26. Bh6 Nxa4 27. Bxg7 Kxg7 28. Rxa4 Rf8 29. Rf2 Ne5 30. Qd4 Qd7 31. Ra1 Bc8 32. Raf1 Nxg4 33. hxg4 Qa7 34. Qxc4 a5 35. Qc6 Rb8 36. Qxd6 Ba6 37. Rd1 Rxb2 38. Nh1 a4 39. g5 Rxf2 40. Nxf2 fxg5 41. Qe5+ Rf6 42. Qd4 Qxd4 43. Rxd4 Bb5 44. c4 Be8 45. Rd1 h5 46. e5 Rf4 47. c5 a3 48. c6 Bxc6 49. dxc6 Rc4 50. Ra1 Rxc6 51. Rxa3 g4 52. Ra7+ Kh6 53. Ne4 h4 54. Kh2 Rc4 55. Nd6 Rc1 56. e6 g3+ 57. Kh3 Kg5 58. Ra5+ Kf6 59. Kxh4 Kxe6 60. Ra6 Kf6 61. Kxg3 Rb1 62. Kf4 g5+ 63. Kg4 Rb4+ 64. Nc4+ Ke7 65. Kxg5 Rb1 1-0

[Event "GER M07-C email"]
[Site "GER email"]
[Date "2018.06.19"]
[Round "?"]
[White "Tiemann, Christoph"]
[Black "Felkel, Siegfried"]
[Result "1/2-1/2"]
[WhiteElo "2412"]
[BlackElo "2404"]
[PlyCount "63"]
[EventDate "2018.??.??"]
[EventType "tourn (corr)"]
[EventRounds "10"]
[EventCountry "GER"]
[SourceTitle "Corr 2020"]
[Source "ChessBase"]
[SourceDate "2019.09.30"]
[SourceVersion "1"]
[SourceVersionDate "2019.09.30"]
[SourceQuality "1"]

1. e4 c5 2. Nf3 Nc6 3. Nc3 e5 4. Bc4 Be7 5. d3 d6 6. Nd2 Nf6 7. Nf1 Bg4 8. f3 Be6 9. Ne3 0-0 10. 0-0 Nh5 11. Ncd5 Bg5 12. g3 Bxe3+ 13. Bxe3 Ne7 14. Nc3 Nc6 15. Qd2 Nf6 16. Bg5 h6 17. Bxf6 Qxf6 18. Nd5 Qd8 19. Ne3 Ne7 20. Qc3 Qd7 21. a4 f5 22. Bxe6+ Qxe6 23. Qc4 Qxc4 24. dxc4 f4 25. Ng2 Rf6 26. gxf4 exf4 27. Kf2 g5 28. h4 Nc6 29. hxg5 hxg5 30. Rh1 Rg6 31. Rag1 Kg7 32. Ne1 1/2-1/2

[Event "GER M06-C email"]
[Site "GER email"]
[Date "2017.06.26"]
[Round "?"]
[White "Jimenez Molina, Gabriel"]
[Black "Tiemann, Christoph"]
[Result "1/2-1/2"]
[WhiteElo "2395"]
[BlackElo "2403"]
[PlyCount "51"]
[EventDate "2017.??.??"]
[EventType "tourn (corr)"]
[EventRounds "10"]
[EventCountry "GER"]
[SourceTitle "Corr 2017"]
[Source "ChessBase"]
[SourceDate "2017.09.19"]
[SourceVersion "1"]
[SourceVersionDate "2017.09.19"]
[SourceQuality "1"]

1. e4 c5 2. Nf3 d6 3. d4 cxd4 4. Nxd4 Nf6 5. Nc3 a6 6. Be3 Ng4 7. Bg5 h6 8. Bh4 g5 9. Bg3 Bg7 10. h3 Ne5 11. f3 Nbc6 12. Bf2 Ng6 13. Qd2 Nxd4 14. Bxd4 Bxd4 15. Qxd4 Qa5 16. 0-0-0 Be6 17. h4 0-0-0 18. Qa7 Kc7 19. g3 Qc5 20. Qxc5+ dxc5 21. Rxd8 Rxd8 22. hxg5 hxg5 23. Be2 Rh8 24. Rxh8 Nxh8 25. Kd2 Ng6 26. Ke3 1/2-1/2

[Event "GER M06-C email"]
[Site "GER email"]
[Date "2017.06.26"]
[Round "?"]
[White "Pokrivac, Izidor"]
[Black "Tiemann, Christoph"]
[Result "1/2-1/2"]
[WhiteElo "2400"]
[BlackElo "2403"]
[PlyCount "63"]
[EventDate "2017.??.??"]
[EventType "tourn (corr)"]
[EventRounds "10"]
[EventCountry "GER"]
[SourceTitle "Corr 2020"]
[Source "ChessBase"]
[SourceDate "2019.09.30"]
[SourceVersion "1"]
[SourceVersionDate "2019.09.30"]
[SourceQuality "1"]

1. e4 c5 2. Nc3 a6 3. f4 e6 4. Nf3 d5 5. d3 Be7 6. g3 d4 7. Ne2 Nf6 8. Bg2 b5 9. a4 b4 10. Nd2 a5 11. Nc4 Bb7 12. Ng1 Nbd7 13. Nf3 Nb6 14. Nxb6 Qxb6 15. Ne5 Nd7 16. Nc4 Qc7 17. b3 Ba6 18. Bd2 Bxc4 19. dxc4 e5 20. Qh5 Bf6 21. 0-0-0 h6 22. h4 Nb8 23. Qf3 h5 24. g4 hxg4 25. Qxg4 Nc6 26. f5 0-0-0 27. Rh3 d3 28. cxd3 Qd7 29. h5 Nd4 30. Kb2 g6 31. hxg6 fxg6 32. Rxh8 1/2-1/2

[Event "GER M06-C email"]
[Site "GER email"]
[Date "2017.06.26"]
[Round "?"]
[White "Tiemann, Christoph"]
[Black "Savoca, Alfredo"]
[Result "1/2-1/2"]
[WhiteElo "2403"]
[BlackElo "2447"]
[PlyCount "52"]
[EventDate "2017.??.??"]
[EventType "tourn (corr)"]
[EventRounds "10"]
[EventCountry "GER"]
[SourceTitle "Corr 2017"]
[Source "ChessBase"]
[SourceDate "2017.09.19"]
[SourceVersion "1"]
[SourceVersionDate "2017.09.19"]
[SourceQuality "1"]

1. e4 c5 2. Nf3 d6 3. d4 cxd4 4. Nxd4 Nf6 5. Nc3 a6 6. h3 e5 7. Nb3 Be6 8. f4 g6 9. Be2 Nbd7 10. g4 Rc8 11. f5 Bxb3 12. axb3 Rxc3 13. bxc3 Nxe4 14. 0-0 Qh4 15. Bf3 gxf5 16. Bxe4 fxe4 17. Kh2 Rg8 18. Ra4 Nf6 19. g5 Rxg5 20. Bxg5 Qxg5 21. Qe2 Bh6 22. Qc4 Qd2+ 23. Kh1 Bf4 24. Qc8+ Ke7 25. Qxb7+ Nd7 26. Rxf4 Qxf4 1/2-1/2